Loading...
| Fine Arts - Other Arts | 1 | 4 | 0 | 0 | 55 | 56 | 89.40 | 2 | 5 |
| History - American History | 0 | 4 | 1 | 0 | 35 | 72 | 92.50 | 3 | 4 |
| Philosophy | 0 | 2 | 0 | 0 | 20 | 78 | 99.00 | 0 | 2 |
| Social Science | 0 | 2 | 1 | 0 | 15 | 75 | 89.50 | 1 | 2 |
| Literature - World Literature | 0 | 1 | 0 | 0 | 10 | 135 | 135.00 | 0 | 1 |
| Literature - European Literature | 0 | 1 | 0 | 0 | 10 | 62 | 62.00 | 0 | 1 |
| Beliefs | 0 | 1 | 0 | 0 | 10 | 139 | 139.00 | 0 | 1 |
| History - European History | 0 | 1 | 0 | 0 | 10 | 88 | 88.00 | 1 | 1 |
| Auditory Arts | 0 | 1 | 0 | 0 | 10 | 83 | 83.00 | 0 | 1 |
| Science - Biology | 0 | 1 | 0 | 1 | 10 | 125 | 125.00 | 0 | 1 |
| Science - Chemistry | 0 | 1 | 0 | 0 | 10 | 121 | 121.00 | 0 | 1 |
| Science - Physics | 0 | 1 | 0 | 1 | 10 | 140 | 140.00 | 0 | 0 |
| Science - Other Science | 0 | 0 | 0 | 0 | 0 | 0.00 | 0 | 0 | |
| Literature - American Literature | 0 | 0 | 1 | 0 | -5 | 0.00 | 0 | 0 | |
| History - World History | 0 | 0 | 1 | 0 | -5 | 0.00 | 0 | 0 |